[Event "Brandenburg Seniors op 12th"]
[Site "Rowy"]
[Date "2003.06.24"]
[Round "8"]
[White "Rogala, Jan"]
[Black "Triegel, Rudolf"]
[Result "1/2-1/2"]
[WhiteElo "1637"]
[BlackElo "1537"]
[PlyCount "69"]
[EventDate "2003.06.??"]
[EventType "swiss"]
[EventRounds "9"]
[EventCountry "POL"]
[SourceTitle "EXT 2006"]
[Source "ChessBase"]
[SourceDate "2005.11.24"]
[SourceVersion "1"]
[SourceVersionDate "2005.11.24"]
[SourceQuality "1"]

1. d4 Nf6 2. c4 e6 3. Nc3 d5 4. Bg5 Be7 5. e3 c6 6. c5 b6 7. b4 Bb7 8. Nf3 Nbd7 9. Bd3 h6 10. Bh4 0-0 11. 0-0 Kh8 12. h3 Nh5 13. Bxe7 Qxe7 14. Qc2 Rfe8 15. Be2 Nhf6 16. Rfe1 e5 17. a3 e4 18. Nd2 Nf8 19. Nf1 Ng6 20. Ng3 Bc8 21. Na4 b5 22. Nc3 a6 23. a4 Bd7 24. Ra3 Rec8 25. axb5 axb5 26. Rea1 Qd8 27. Qa2 Rxa3 28. Qxa3 Nh4 29. Qa5 Qe7 30. Qa7 g6 31. Qb7 Kg7 32. Ra7 Qd8 33. Na2 Rb8 34. Qa6 Qc8 35. Qxc8 1/2-1/2

[Event "Brandenburg Seniors op 12th"]
[Site "Rowy"]
[Date "2003.06.21"]
[Round "5"]
[White "Fleiszerowicz, Leopold"]
[Black "Rogala, Jan"]
[Result "0-1"]
[WhiteElo "1400"]
[BlackElo "1637"]
[PlyCount "58"]
[EventDate "2003.06.??"]
[EventType "swiss"]
[EventRounds "9"]
[EventCountry "POL"]
[SourceTitle "EXT 2006"]
[Source "ChessBase"]
[SourceDate "2005.11.24"]
[SourceVersion "1"]
[SourceVersionDate "2005.11.24"]
[SourceQuality "1"]

1. e4 e6 2. d4 d5 3. e5 c5 4. Bb5+ Bd7 5. Bxd7+ Nxd7 6. Nf3 Qb6 7. 0-0 cxd4 8. b3 Bc5 9. Ba3 Bxa3 10. Nxa3 Qb4 11. Nb1 Ne7 12. a3 Qc5 13. b4 Qb6 14. Re1 Ng6 15. Nbd2 Rc8 16. Nb3 Rc4 17. Nbxd4 Ngxe5 18. Nxe5 Nxe5 19. Rxe5 Rxd4 20. Qf3 0-0 21. Ree1 Rc4 22. c3 Rfc8 23. Rec1 Qc7 24. g3 Qe5 25. Ra2 Rxc3 26. Rxc3 Rxc3 27. Qd1 Qc7 28. Ra1 Qc4 29. h3 h6 0-1

[Event "Brandenburg Seniors op 12th"]
[Site "Rowy"]
[Date "2003.06.20"]
[Round "4"]
[White "Rogala, Jan"]
[Black "Assmann, Hans"]
[Result "0-1"]
[WhiteElo "1637"]
[BlackElo "1595"]
[PlyCount "56"]
[EventDate "2003.06.??"]
[EventType "swiss"]
[EventRounds "9"]
[EventCountry "POL"]
[SourceTitle "EXT 2006"]
[Source "ChessBase"]
[SourceDate "2005.11.24"]
[SourceVersion "1"]
[SourceVersionDate "2005.11.24"]
[SourceQuality "1"]

1. d4 d5 2. c4 c6 3. Nc3 Nf6 4. Nf3 g6 5. e3 Bg7 6. cxd5 cxd5 7. Bb5+ Nbd7 8. Qb3 e6 9. Qa3 Bf8 10. Qa4 Bd6 11. Bd2 0-0 12. 0-0 a6 13. Bd3 e5 14. dxe5 Nxe5 15. Nxe5 Bxe5 16. h3 Be6 17. Rac1 b5 18. Qd1 Rc8 19. a3 d4 20. exd4 Bxd4 21. Bh6 Re8 22. Qd2 Qd7 23. Bb1 Bc4 24. Rfe1 Rxe1+ 25. Rxe1 Be6 26. Rc1 Rd8 27. Be3 Bxc3 28. Qxc3 Nd5 0-1

[Event "Brandenburg Seniors op 11th"]
[Site "Rowy"]
[Date "2002.06.24"]
[Round "7"]
[White "Schult, Otto"]
[Black "Rogala, Jan"]
[Result "1-0"]
[WhiteElo "1524"]
[BlackElo "1688"]
[PlyCount "101"]
[EventDate "2002.06.??"]
[EventType "swiss"]
[EventRounds "7"]
[EventCountry "POL"]
[SourceTitle "EXT 2006"]
[Source "ChessBase"]
[SourceDate "2005.11.24"]
[SourceVersion "1"]
[SourceVersionDate "2005.11.24"]
[SourceQuality "1"]

1. d4 d5 2. c4 e6 3. Nc3 c6 4. cxd5 exd5 5. Bf4 Bd6 6. Bxd6 Qxd6 7. e4 dxe4 8. Nxe4 Qb4+ 9. Qd2 Qxd2+ 10. Kxd2 Kd7 11. Bc4 Nh6 12. Nf3 f6 13. Rhe1 b6 14. h3 Nf5 15. Kc3 Bb7 16. g4 Ne7 17. a3 a5 18. Nfd2 Na6 19. Nb3 Nc7 20. Rad1 Ned5+ 21. Kc2 Rae8 22. Nc3 Nf4 23. Bf1 Ba6 24. Rxe8 Rxe8 25. Bxa6 Nxa6 26. h4 Kd6 27. Nd2 Kd7 28. Nc4 Kc7 29. Ne3 Kd7 30. d5 b5 31. dxc6+ Kxc6 32. Nf5 Nc5 33. Nd4+ Kb6 34. Ndxb5 Ne4 35. Nxe4 Rxe4 36. Nc3 Rc4 37. Kb3 Rc6 38. Nd5+ Nxd5 39. Rxd5 Rc5 40. Rd3 Rc7 41. Rd4 Rc5 42. f4 Rc6 43. Rd7 Rc7 44. Rxc7 Kxc7 45. Kc4 Kc6 46. b4 Kb6 47. b5 Kb7 48. Kc5 Kc7 49. a4 Kb7 50. Kd6 Kb6 51. Ke7 1-0

[Event "Brandenburg Seniors op 11th"]
[Site "Rowy"]
[Date "2002.06.21"]
[Round "4"]
[White "Schenk, Dieter"]
[Black "Rogala, Jan"]
[Result "1-0"]
[WhiteElo "1845"]
[BlackElo "1688"]
[PlyCount "65"]
[EventDate "2002.06.??"]
[EventType "swiss"]
[EventRounds "7"]
[EventCountry "POL"]
[SourceTitle "EXT 2006"]
[Source "ChessBase"]
[SourceDate "2005.11.24"]
[SourceVersion "1"]
[SourceVersionDate "2005.11.24"]
[SourceQuality "1"]

1. e4 e6 2. d4 d5 3. Nc3 Bb4 4. exd5 exd5 5. a3 Be7 6. Bd3 Nf6 7. Nge2 Bg4 8. f3 Bd7 9. Ng3 0-0 10. 0-0 Re8 11. Bf4 h6 12. Qd2 Bf8 13. Rfe1 Rxe1+ 14. Rxe1 Be6 15. Bf5 Bd7 16. Qd3 c6 17. Be5 Be7 18. Qe3 Bf8 19. Nce2 Bxf5 20. Nxf5 Nbd7 21. Nf4 Qb6 22. Nd3 Re8 23. Qf2 Qd8 24. Qg3 Kh7 25. Qh4 b6 26. g4 Nxe5 27. Rxe5 Ng8 28. Qe1 Nf6 29. Rxe8 Nxe8 30. Ne5 Qc7 31. Ne3 c5 32. Nxd5 Qb7 33. Qe4+ 1-0

[Event "Brandenburg Seniors op 11th"]
[Site "Rowy"]
[Date "2002.06.17"]
[Round "1"]
[White "Rogala, Jan"]
[Black "Hintze, Hans"]
[Result "1-0"]
[WhiteElo "1688"]
[BlackElo "1153"]
[PlyCount "101"]
[EventDate "2002.06.??"]
[EventType "swiss"]
[EventRounds "7"]
[EventCountry "POL"]
[SourceTitle "EXT 2006"]
[Source "ChessBase"]
[SourceDate "2005.11.24"]
[SourceVersion "1"]
[SourceVersionDate "2005.11.24"]
[SourceQuality "1"]

1. d4 e6 2. c4 Nf6 3. Bg5 Be7 4. Nc3 h6 5. Bh4 d5 6. e3 a6 7. c5 c6 8. Nf3 0-0 9. Bd3 Nbd7 10. 0-0 b6 11. b4 Nh7 12. Bg3 f5 13. Ne5 Nxe5 14. Bxe5 Bf6 15. Bd6 Be7 16. Bg3 g6 17. h3 b5 18. a4 Bd7 19. Nb1 Ng5 20. Bh2 h5 21. f3 Qe8 22. Nc3 Nf7 23. Qe1 Bf6 24. Bd6 Be7 25. Bc7 Bd8 26. Bh2 Ra7 27. Qe2 e5 28. axb5 e4 29. fxe4 dxe4 30. Bc4 cxb5 31. Nxb5 Bxb5 32. Bxb5 Qe7 33. Rxa6 Rxa6 34. Bxa6 Bc7 35. Bxc7 Qxc7 36. b5 Ng5 37. Qc4+ Kg7 38. Rf4 Rf6 39. d5 Nf7 40. b6 Rxb6 41. cxb6 Qxc4 42. Bxc4 Nd6 43. Ba6 g5 44. Rf1 Kf6 45. b7 Nxb7 46. Bxb7 Ke5 47. Rd1 f4 48. d6 fxe3 49. d7 e2 50. Re1 Kf4 51. Rxe2 1-0

[Event "Brandenburg-ch Seniors 09th"]
[Site "Rowy"]
[Date "2001.06.25"]
[Round "7"]
[White "Rogala, Jan"]
[Black "Orlicki, Alojzy"]
[Result "1-0"]
[WhiteElo "1707"]
[BlackElo "1800"]
[PlyCount "78"]
[EventDate "2001.06.??"]
[EventType "swiss"]
[EventRounds "7"]
[EventCountry "POL"]
[SourceTitle "EXT 2006"]
[Source "ChessBase"]
[SourceDate "2005.11.24"]
[SourceVersion "1"]
[SourceVersionDate "2005.11.24"]
[SourceQuality "1"]

1. d4 f5 2. e4 d6 3. Nc3 Nc6 4. Bb5 Bd7 5. Bg5 a6 6. Bc4 Nf6 7. Bxf6 exf6 8. Qe2 Nxd4 9. Qd3 c5 10. Bd5 Rb8 11. Nge2 Nxe2 12. Qxe2 Qe7 13. 0-0 f4 14. Qf3 Qe5 15. Rab1 h5 16. g3 Bg4 17. Qxf4 Qxf4 18. gxf4 Bf3 19. Rfe1 Rh6 20. f5 g6 21. Re3 Bg4 22. h3 Bxh3 23. Rxh3 g5 24. a4 Kd7 25. Ne2 h4 26. f3 Be7 27. Kg2 Bd8 28. b4 b6 29. bxc5 dxc5 30. Rhh1 Be7 31. Kh3 Rh7 32. Rhd1 Bd6 33. Rb3 Kc7 34. Nc3 Be5 35. Ne2 Rb7 36. Rbd3 b5 37. axb5 Rxb5 38. Rb3 Rd7 39. Rxb5 axb5 1-0

[Event "Brandenburg-ch Seniors 09th"]
[Site "Rowy"]
[Date "2001.06.24"]
[Round "6"]
[White "Hintze, Hans"]
[Black "Rogala, Jan"]
[Result "0-1"]
[WhiteElo "1173"]
[BlackElo "1707"]
[PlyCount "106"]
[EventDate "2001.06.??"]
[EventType "swiss"]
[EventRounds "7"]
[EventCountry "POL"]
[SourceTitle "EXT 2006"]
[Source "ChessBase"]
[SourceDate "2005.11.24"]
[SourceVersion "1"]
[SourceVersionDate "2005.11.24"]
[SourceQuality "1"]

1. e4 e6 2. Nf3 d5 3. exd5 exd5 4. d4 Bg4 5. a3 Bd6 6. Nc3 h6 7. Nxd5 Bxh2 8. Qe2+ Be6 9. Rxh2 Qxd5 10. Bd2 c6 11. g3 Nf6 12. Bg2 Qc4 13. Qxc4 Bxc4 14. Ne5 Be6 15. 0-0-0 Nbd7 16. Nxd7 Nxd7 17. Re1 0-0-0 18. c3 Nf6 19. f3 Rhe8 20. Bh3 Bxh3 21. Rxe8 Rxe8 22. Rxh3 Re2 23. g4 Nd5 24. g5 hxg5 25. Bxg5 Rg2 26. Bd2 Kc7 27. Rh8 Rf2 28. f4 Nxf4 29. Bxf4+ Rxf4 30. Rg8 g6 31. Rg7 Kd6 32. Rg8 a5 33. Rd8+ Kc7 34. Re8 Kd7 35. Re5 b5 36. Rc5 Kd6 37. Kd2 Rf2+ 38. Kc1 f5 39. b4 a4 40. d5 cxd5 41. Rxb5 Ra2 42. Rb6+ Ke5 43. Rxg6 Rxa3 44. Kc2 f4 45. Ra6 f3 46. Ra8 f2 47. Rf8 Ra2+ 48. Kd3 a3 49. Ke3 Rb2 50. b5 a2 51. Rxf2 Rxf2 52. Kxf2 a1Q 53. b6 Qb2+ 0-1

[Event "Brandenburg-ch Seniors 09th"]
[Site "Rowy"]
[Date "2001.06.20"]
[Round "4"]
[White "Schult, Otto"]
[Black "Rogala, Jan"]
[Result "1-0"]
[WhiteElo "1587"]
[BlackElo "1707"]
[PlyCount "93"]
[EventDate "2001.06.??"]
[EventType "swiss"]
[EventRounds "7"]
[EventCountry "POL"]
[SourceTitle "EXT 2006"]
[Source "ChessBase"]
[SourceDate "2005.11.24"]
[SourceVersion "1"]
[SourceVersionDate "2005.11.24"]
[SourceQuality "1"]

1. d4 d5 2. c4 e6 3. Nc3 c6 4. cxd5 exd5 5. Nf3 h6 6. Bf4 Bd6 7. Qd2 Qc7 8. Bxd6 Qxd6 9. e4 dxe4 10. Nxe4 Qe7 11. Qe3 Be6 12. Nc5 Nf6 13. Nxe6 fxe6 14. Ne5 Qb4+ 15. Qc3 Qxc3+ 16. bxc3 Nbd7 17. Ng6 Rg8 18. Bd3 Nd5 19. Kd2 Kf7 20. Rhe1 Rge8 21. Rab1 Rab8 22. f4 Ne7 23. Nh4 Nf8 24. Re2 Nfg6 25. Nxg6 Nxg6 26. g3 Re7 27. Rbe1 Rbe8 28. Bc4 Kf6 29. Bd3 Kf7 30. h4 Kf6 31. h5 Nf8 32. g4 Kf7 33. Bc4 Kf6 34. Rg2 Nh7 35. Bd3 Nf8 36. Rge2 Kf7 37. Re5 Nd7 38. Bg6+ Kf8 39. R5e2 Rd8 40. Kc2 Nf6 41. g5 Nd5 42. gxh6 gxh6 43. Rxe6 Rxe6 44. Rxe6 Kg7 45. f5 Rd7 46. Kb3 Re7 47. f6+ 1-0

[Event "Bad Woerishofen Seniors op 17th"]
[Site "Bad Woerishofen"]
[Date "2001.03.16"]
[Round "2"]
[White "Perk, Egbert"]
[Black "Rogala, Jan"]
[Result "1-0"]
[WhiteElo "2071"]
[BlackElo "1800"]
[PlyCount "97"]
[EventDate "2001.03.??"]
[EventType "swiss"]
[EventRounds "9"]
[EventCountry "GER"]
[SourceTitle "EXT 2002"]
[Source "ChessBase"]
[SourceDate "2001.11.25"]
[SourceVersion "1"]
[SourceVersionDate "2001.11.25"]
[SourceQuality "1"]

1. d4 d5 2. c4 e6 3. Nc3 c6 4. e3 Nf6 5. Bd3 Be7 6. Nf3 0-0 7. 0-0 Nbd7 8. e4 dxe4 9. Nxe4 Nxe4 10. Bxe4 Nf6 11. Bc2 Qc7 12. h3 h6 13. Qe2 Rd8 14. Be3 b6 15. Rfd1 Bb7 16. Ne5 c5 17. Ng4 Nxg4 18. Qxg4 Kh8 19. Qh5 f5 20. Bxh6 g6 21. Bf4+ gxh5 22. Bxc7 Rg8 23. Be5+ Kh7 24. d5 Rg6 25. Rd2 Rag8 26. f4 Kh6 27. Re1 b5 28. b3 b4 29. Ree2 Bf6 30. Bxf6 Rxf6 31. dxe6 Re8 32. e7 Rf7 33. Re5 Rfxe7 34. Rxe7 Rxe7 35. Bxf5 Rf7 36. g4 Re7 37. Kf2 hxg4 38. hxg4 a5 39. Rd7 Rxd7 40. Bxd7 Be4 41. Bf5 Bc6 42. Ke3 Bb7 43. g5+ Kg7 44. Be4 Bc8 45. f5 Bd7 46. Kf4 a4 47. Ke5 axb3 48. axb3 Be8 49. Kd6 1-0